01014cam a2200229 a 450000500170000000800410001705000280005810000290008624501080011525000240022326000610024730000470030849000280035560000350038360000650041860000480048360000580053165100610058965100750065070000280072570000310075320241028141248.0021113s1976 mx a 000 0 spa u04aF1234.5.S47 bF56 19761 aFlores Sevilla, Jesús.13aLa Familia Serdán / cJesús Flores Sevilla ; edición de Jacobo Chencinsky y Santiago Fernández. aPrimera edición.  aMéxico :bSecretaria de Educación Pública, c1976. a199 paginas. : bilustraciones. ; c17 cm. aSEPSetentas ; vN° 27734aSerdán tLa familia Serdán14aSerdán, Aquiles, d1876-1910q[Aquiles Serdán Alatriste]17aSerdán Alatriste, Máximo, d1879-1910.14aSerdán Alatriste, María del Carmen, d1873-1948.  7aMéxico xHistoria yRevolución maderista, 1910-1911. 72lemb aPuebla xHistoriayRevolución maderista, 1910-1911.zMéxico1 aChencinsky, Jacobo, ed.1 aFernández, Santiago, ed.